| 000 | 01023nam a2200313 i 4500 | ||
|---|---|---|---|
| 999 |
_c200439956 _d58168 |
||
| 003 | TR-AnTOB | ||
| 005 | 20240424143714.0 | ||
| 007 | ta | ||
| 008 | 210312s1996 tu g 00| 0 tur d | ||
| 040 |
_aTR-AnTOB _beng _erda _cTR-AnTOB |
||
| 041 | 0 | _atur | |
| 050 | 1 | 4 |
_aHF3756.5 _b.T87 1996 |
| 090 |
_aHF3756.5 _b.T87 1996 |
||
| 245 | 0 | 0 | _aTürkiye'nin ihracatında uzun vadeli bir perspektif ve öneriler. |
| 264 | 1 |
_aİstanbul : _bTÜSİAD, _c1996. |
|
| 300 |
_a122 pages : _btables, graphics ; _c28 cm |
||
| 336 |
_2rdacontent _atext _btxt |
||
| 337 |
_2rdamedia _aunmediated _bn |
||
| 338 |
_2rdacarrier _avolume _bnc |
||
| 490 | 0 |
_aTÜSİAD ; _vYayın No; TÜSİAD-T/96-1/95. |
|
| 504 | _aBIB | ||
| 650 | 7 |
_aİhracat _zTürkiye _2etuturkob _919816 |
|
| 650 | 7 |
_aEkonomik kalkınma _zTürkiye _2etuturkob _965309 |
|
| 651 | 7 |
_aTürkiye _xTicaret _2etuturkob _913482 |
|
| 710 | 2 |
_aTürk Sanayicileri ve İş Adamları Derneği _918434 |
|
| 942 |
_2lcc _cBK |
||